000
00274 a2200121 4500
001
146270
040
_c
Escola São Tomás de Aquino
100
_a
OLIVEIRA, Dinah Sales de
240
1
0
_a
Pollyanna
_l
por
245
1
0
_a
Pollyanna
697
_a
*LITERATURA INFANTO
942
_c
BK
999
_c
146270
_d
146270